000 00607cam a22002291 4500
001 6883652
005 20180220093912.0
008 820202s1933 nyu 000 0 eng
010 _a 33013774
035 _a(OCoLC)8120915
040 _aDLC
_cKWiU
_dNHemH
_dDLC
041 _aeng
042 _apremarc
080 _a316 EST
082 _2316 EST
100 1 _a49
101 _aSOC
245 1 2 _aA study in social treatment:
_cby Esther Heath.
740 4 _aThe approach to the parent.
906 _a7
_bcbc
_coclcrpl
_du
_encip
_f19
_gy-gencatlg
942 _2ddc
_cBK
999 _c42961
_d42961